| 000 | 02341nam0a2200385 4500 | ||
|---|---|---|---|
| 001 | RU\NLR\BIBL_A\022134613 | ||
| 005 | 20260405141449.0 | ||
| 010 |
_a978-5-907570-66-5 _9300 |
||
| 035 | _a(RuMoRGB)012468015 | ||
| 035 | _a(NLR Aleph) 022134613 | ||
| 090 |
_a12845819 _c12845819 |
||
| 100 | _a20240212d2023 |||y0rusy50 ca | ||
| 101 | 0 |
_arus _aeng |
|
| 102 | _aRU | ||
| 105 | _aa j 000yy | ||
| 181 | 0 |
_ai3 _baxxe |
|
| 182 | 1 | _an | |
| 200 | 1 |
_aАнглийский язык для магистрантов в области компьютерных технологий _dEnglish for masters of computing _eучебное пособие _eпо направлениям подготовки 09.04.01 - Информатика и вычислительная техника, 09.04.02 - Информационные системы и технологии, 09.04.03 - Прикладная информатика и 09.04.04 - Программная инженерия _fГ. В. Царева, И. В. Матюшина _gМинистерство науки и высшего образования Российской Федерации, Брянский государственный технический университет _zeng |
|
| 203 |
_aТекст _bвизуальный _cнепосредственный |
||
| 205 | _a2-е изд., испр. и доп. | ||
| 210 |
_aБрянск _cБГТУ _d2023 |
||
| 215 |
_a92 с. _cил., табл. _d21 |
||
| 300 | _aТекст рус., англ. | ||
| 320 | _aБиблиогр.: с. 90-91 (23 назв.) | ||
| 510 | 1 |
_6z22790 _aEnglish for masters of computing _zeng |
|
| 606 | 1 |
_aАнглийский язык _xУчебные издания для информационно-технологической отрасли _92408835 _3RU\NLR\AUTH\661435381 |
|
| 686 | 1 | _aШ143.21-93рус328.71 | |
| 700 | 1 |
_8rus _7ca _aЦарева _bГ. В. _f1973- _gГалина Вячеславовна _3RU\NLR\AUTH\7757522 _940454 |
|
| 701 | 1 |
_aМатюшина _bИ. В. _gИрина Викторовна |
|
| 790 | 1 |
_8rus _7ba _aCareva _bG. V. _f1973- _gGalina Vjačeslavovna _3RU\NLR\AUTH\7757526 _940458 |
|
| 790 | 1 |
_6z22 _6z22510 _aMatjušina _bI. V. _fIrina Viktorovna |
|
| 942 | _cBOOK | ||
| 980 | _aNB | ||